BIBLIOTECA

SENCICO

La sintaxis de la imagen : (Registro nro. 272)

Detalles MARC
000 -LEADER
fixed length control field 01491nam a2200277Ia 4500
003 - CONTROL NUMBER IDENTIFIER
control field PE SENCICO BE
005 - DATE AND TIME OF LATEST TRANSACTION
control field 20251020182432.0
008 - FIXED-LENGTH DATA ELEMENTS--GENERAL INFORMATION
fixed length control field 200515s9999 xx 000 0 und d
020 ## - INTERNATIONAL STANDARD BOOK NUMBER
International Standard Book Number 84-252-0609-X
040 ## - CATALOGING SOURCE
Original cataloging agency PE SENCICO BE
Transcribing agency PE SENCICO BE
041 ## - LANGUAGE CODE
Language code of text/sound track or separate title spa
082 ## - DEWEY DECIMAL CLASSIFICATION NUMBER
Classification number 704.9
Item number D75
100 1# - MAIN ENTRY--PERSONAL NAME
Personal name Dondis, D. A.
9 (RLIN) 2616
Relator term autor
245 10 - TITLE STATEMENT
Title La sintaxis de la imagen :
Remainder of title introducción al alfabeto visual /
Statement of responsibility, etc. D. A. Dondis
250 ## - EDITION STATEMENT
Edition statement 15a ed.
260 ## - PUBLICATION, DISTRIBUTION, ETC.
Place of publication, distribution, etc. Barcelona :
Name of publisher, distributor, etc. Gustavo Gili ;
Date of publication, distribution, etc. 2002
300 ## - PHYSICAL DESCRIPTION
Extent 211 p. :
Other physical details il., graf. ;
Dimensions 21 cm.
490 ## - SERIES STATEMENT
Series statement GG Diseño
505 0# - FORMATTED CONTENTS NOTE
Formatted contents note Caracter y contenido de la alfabetizado visual -- Composición: los fundamentos sintácticos de la alfabetidad -- Elementos básicos de la comunicación visual -- La anatomía del mensaje visual -- Dinámica del contraste -- Técnicas visuales: estrategias de comunicación -- Síntesis del estilo visual -- Las artes visuales: función y mensaje -- Alfabetidad visual: cómo y por qué
520 3# - SUMMARY, ETC.
Summary, etc. La obra se sitúa dentro de las series de trabajos que fundamentándose en los estudios científicos sobre las bases de la percepción visual, tratan de establecer los principios de una teoría de la coordinación de los elementos plásticos en vistas a la elaboración de una verdadera gramática de las imágenes.
650 10 - SUBJECT ADDED ENTRY--TOPICAL TERM
Topical term or geographic name entry element Comunicación visual
9 (RLIN) 460
650 20 - SUBJECT ADDED ENTRY--TOPICAL TERM
Topical term or geographic name entry element Diseño de la imagen
9 (RLIN) 2617
650 20 - SUBJECT ADDED ENTRY--TOPICAL TERM
Topical term or geographic name entry element Artes visuales
9 (RLIN) 17
650 20 - SUBJECT ADDED ENTRY--TOPICAL TERM
Topical term or geographic name entry element Percepción visual
9 (RLIN) 89
942 ## - ADDED ENTRY ELEMENTS (KOHA)
Koha item type Libros
Source of classification or shelving scheme Dewey Decimal Classification
Existencias
Fecha de la última vez que lo usaron Número de ingreso o de inventario Pago total Signatura topográfica completa Código de barras Precio efectivo desde Tipo de documento Estado perdido Sistema de clasificación Estado dañado No es para préstamo Retirado Ubicación permanente Ubicación actual Fecha de adquisición
15/05/2020 13199   704.9/D75 BibLima24100027 15/05/2020 Libros   Dewey Decimal Classification       Biblioteca Central Lima Biblioteca Central Lima 15/05/2020